000 01320 a2200313 4500
502 _aThèse
653 1 _aAménagement et Gestion de l'Environnement
100 _aSOSSA,Barnabé
041 _b Fr
245 _aContribution à la mise en valeur de la plaine d'inondation du lac Toho à Kponou (S/P Athiémé, Département du Mono)
300 _aXIII-95 p.
650 _aLAC
650 _aINONDATION
300 _bill., graph., tabl., 29 cm
130 _lFr
710 _a<Abomey-Calavi>, <Université d'Abomey-Calavi>, <FAculté des Sciences Agronomiques>, <UAC>, <BJ>
040 _aDoc.
651 _aKPONOU
651 _aATHIEME
651 _aMONO
041 _bFr
041 _bEn
653 1 _aAménagement et Gestion de l'Environnement (Génie rural, Eaux et Forêt, Pêche
651 _aBENIN
520 _aCette étude conduite dans la plaine d'inondation du Lac Toho à Kponou a pour objectif de cpnnaître le fonctionnement hydrologique des plaines d'inondation de la sous-préfecture d'Athiémé en vue de leur mise en oeuvre, développer une méthodologie pour accroître la capacité des paysans en matière de valorisation des plaine d'inondation dans le cadre d'une gestion intégrée de leur terroir...
690 _aPLAINE D'INONDATION
690 _aLAC TOHO
999 _c30556
_d30556